LEADER 01219nam2 2200301 i 450 001 SUN0030045 005 20180713111258.36 010 $a978-02-01-03809-5$d0.00 100 $a20041210d1973 |0engc50 ba 101 $aeng 102 $aUS 105 $a|||| ||||| 200 1 $aˆ1: ‰Fundamental algorithms$fDonald E. Knuth 205 $a2. ed 210 $aReading$cAddison-Wesley$d1973 215 $aXXI, 634 p.$d22 cm. 461 1$1001SUN0024828$12001 $aˆThe ‰art of computer programming$fDonald E. Knuth$v1$1210 $aReading$cAddison-Wesley$1215 $av.$d22-25 cm. 606 $a68Wxx$xAlgorithms in computer science [MSC 2020]$2MF$3SUNC021296 620 $aUS$dReading$3SUNL000022 700 1$aKnuth$b, Donald E.$3SUNV020877$048274 712 $aAddison Wesley$3SUNV000076$4650 790 1$aKnuth, Donald Ervin$zKnuth, Donald E.$3SUNV089714 790 1$aKnuth, D. E.$zKnuth, Donald E.$3SUNV089715 801 $aIT$bSOL$c20201026$gRICA 912 $aSUN0030045 950 $aUFFICIO DI BIBLIOTECA DEL DIPARTIMENTO DI MATEMATICA E FISICA$d08PREST 68-XX 2236 $e08 939 I 20041210 996 $aFundamental algorithms$9122630 997 $aUNICAMPANIA LEADER 00980nam0-22003131i-450 001 990006638110403321 005 20230606101124.0 035 $a000663811 035 $aFED01000663811 035 $a(Aleph)000663811FED01 100 $a20001010d--------km-y0itay50------ba 101 0 $aita 105 $ay-------001yy 200 1 $aContratto collettivo e autonomia sindacale$fMario Rusciano 210 $aTorino$cEd. giuridiche$deconomiche$dscientifiche$d1984 215 $a168 p. , 24 cm 300 $aEstratto da : Trattato di diritto privato , diretto da P. Rescigno 610 0 $aContratti collettivi - Diritto 610 0 $aDiritto sindacale 700 1$aRusciano,$bMario$f<1942- >$022896 801 0$aIT$bUNINA$gRICA$2UNIMARC 901 $aBK 912 $a990006638110403321 952 $aX A 274$b27220$fFSPBC 952 $aFT PUB 70$b15509$fDECBC 959 $aFSPBC 959 $aDECBC 996 $aContratto collettivo e autonomia sindacale$968690 997 $aUNINA